EPIC The Musical: The Challenge - Statistics

General Stats
  • This quiz has been taken 521 times
  • The average score is 238 of 265
Answer Stats
Speaker Lyrics % Correct
a
100%
I
100%
the
99%
And
97%
as
97%
be
97%
that
97%
That
97%
bow
96%
can
96%
king
96%
know
96%
my
96%
old
96%
to
96%
we
96%
axes
95%
husband's
95%
me
95%
new
95%
queen
95%
Will
95%
with
95%
die
94%
is
94%
Is
94%
night
94%
of
94%
rather
94%
shoot
94%
sit
94%
so
94%
string
94%
Than
94%
They
94%
throne
94%
twelve
94%
Penelope Whoever
94%
you
94%
all
93%
at
93%
'Cause
93%
don't
93%
down
93%
every
93%
his
93%
I'd
93%
it
93%
It
93%
rule
93%
this
93%
through
93%
would
93%
best
92%
cleanly
92%
I'll
92%
I've
92%
choose
91%
done
91%
grow
91%
Let
91%
without
91%
your
91%
arrow
90%
fly
90%
suitor
90%
time
90%
Suitors Time
90%
work
90%
for
89%
man
89%
storm
89%
true
89%
aim
88%
challenge
88%
here
88%
Penelope I'm
88%
lie
88%
Oh
88%
Waiting
88%
waiting
88%
buying
87%
could
87%
supposed
87%
Though
87%
though
87%
wear
87%
crown
86%
how
86%
Just
86%
never
86%
But
85%
finally
85%
house
85%
kind
85%
saw
85%
sign
85%
soon
85%
think
85%
thought
85%
some
84%
won
84%
said
83%
them
83%
was
83%
about
82%
change
82%
come
82%
far
82%
longer
82%
love
82%
much
82%
out
82%
Since
82%
they've
82%
allow
81%
from
81%
unthread
81%
arranged
80%
close
80%
have
80%
our
80%
running
80%
kingdom
79%
Once
79%
way
79%
weave
79%
go
78%
last
78%
Suitors Penelope
78%
shroud
78%
not
77%
any
76%
other
76%
world
76%
it's
74%
like
74%
norm
74%
end
73%
Unless
70%
resort
68%
lengths
62%
these
57%
fleeting
52%
No matching quizzes found
Score Distribution
Percent of People with Each Score
Percentile by Number Answered
Your Score History
You have not taken this quiz